000 01017nam a2200265 a 4500
001 000020824
005 20240315111350.0
008 100818s1992 ag ac 000 0 spa d
020 _a9506942498
040 _aDO-SdBNP
_bspa
_cBNPHU
082 _a330.98
_bG633c
100 1 _aGómez Bergés, Víctor,
_d1940-2023
_917774
245 1 0 _aCapitalismo social vs. liberalismo feroz /
_cVíctor Gómez Bergés ; prólogo Domingo Cavallo.
260 _aBuenos Aires :
_bGrupo Editor Latinoamericano;
_bEditora del Carril,
_c1992.
300 _a202 p. ;
_c20 cm.
490 1 _aEstudios políticos y social
590 _aInventariado, 2018/VM
500 _aIncluye datos biográficos del autor en la contracubierta
500 _aBibliografía: p. 201-202
651 4 _aAmérica Latina
_xCondiciones Económicas
_95778
651 4 _aAmérica Latina
_xPolítica Y Gobierno
_92618
700 1 2 _aCavallo, Domingo
_epról.
_928832
830 0 _aEstudios políticos y social
_943652
910 _aValidado. Control de calidad MFF
999 _c20328
_d20328